Normal view
MARC view
Entry Personal Name
001 - CONTROL NUMBER
- control field: 1238105
003 - CONTROL NUMBER IDENTIFIER
- control field: OSt
005 - DATE AND TIME OF LATEST TRANSACTION
- control field: 20260430150640.0
008 - FIXED-LENGTH DATA ELEMENTS
- fixed length control field: 260430|| aca||aabn | a|a d
040 ## - CATALOGING SOURCE
- Original cataloging agency: OSt
- Transcribing agency: OSt
100 ## - HEADING--PERSONAL NAME
- Personal name: Khenduja Preetika Au.; Sabharwal Manisha Gu
670 ## - SOURCE DATA FOUND
- Source citation: Work cat.: (OSt)1850297: Khenduja Preetika Au.; Sabharwal Manisha Gu., Development of an Educational Intervention for Capacity Building of Elderly in Delhi for Promotion of Healthy Lifestyle, 2022
